El Salvador: testing political space

Guardado en:
書目詳細資料
格式: Texto
語言:Spanish
標簽: 添加標簽
沒有標簽, 成為第一個標記此記錄!

MARC

LEADER 00000 a a2200000 04500
001 2674
003 cru IIS
005 20220210113944.0
008 220210b |||||||| |||| 00| 0 spa d
040 |c cru IIS 
245 |a El Salvador:  |b testing political space 
300 |a páginas 4-7 
500 |a Colección Centroamérica 
773 0 |0 43106  |9 6551  |a Central America Research Institute  |d California: Central America Research Institute 1982-  |o 21730  |t Central America Bulletin / 
942 |2 ddc  |c PP 
999 |c 44080  |d 44080